000 00623nam a2200217Ia 4500
003 GCL
008 140319s9999 xx 000 0 eng d
040 _aGCL /
_cGCL
082 0 4 _a636.708976
_bH V
100 1 _aHOLMSTROM, STEVENE
245 1 0 _aVeterinary Dental Dental Techneques: for the small animal practitioner /
_cHOLMSTROM, STEVENE
700 1 _aGRAMMON, RONALD L
700 1 _aFROST, POTRICIA
260 _a[S.N] :
_bW.B. SAUNDERS COMPANY ،
_c1992
300 _a430.P
650 0 4 _aCATS DISEASES
650 0 4 _aDOG DISEASAS
650 0 4 _aVETERINARY - DENTISTRY
650 0 4 _aTREATMENT
942 _2ddc
_cBK
999 _c22747
_d22747